Le vocabulaire et le jargon du rugby (1) - Statistiques

Statistiques générales
  • Ce quiz a été pris 316 fois
  • Le résultat moyen est 15 sur 20
Statistiques - réponses
Hint Réponse % Correct
Caler la balle dans la main opposée à l’adversaire puis, tendre l’autre bras de manière à le repousser avec la main. Raffut
93%
Enchaînement d'actions précises répété à l'entraînement et annoncé pendant le match Combinaison
86%
Fixer un adversaire en courant vers lui, puis à le déborder par un pas de côté. Cadrage débordement
85%
Jambes Cannes
85%
Joueurs qui jouent à l'avant Gros
85%
Le laisser au repos pendant plusieurs matchs Mettre un joueur à l'herbage
85%
Mauvais geste consistant dans les regroupements à neutraliser son adversaire en lui enfonçant deux doigts tendus dans les yeux. Fourchette
84%
Passe qui n’est pas faite au coéquipier le plus proche, mais à celui qui se trouve plus loin. Passe sautée
83%
Plaquage au-dessus des épaules exécuté avec le bras tendu. Cravate
80%
Action consistant à passer le ballon à un coéquipier malgré le plaquage d’un adversaire en « passant les bras » derrière le corps de celui-ci Passer les bras
80%
Passe puissante par laquelle on imprime une rotation au ballon pour le faire accélérer. Passe vissée
78%
Aaction consistant pour un joueur à passer le ballon à un coéquipier qui le lui rend presque immédiatement. Passe redoublée
74%
Arbitre sifflant sans arrêt et ne laissant pas appliquer la règle de l'avantage. Chef de gare
73%
Action dans laquelle le ballon est lâché des mains et frappé du pied juste après son rebond au sol. Coup de pied tombé
73%
Action qui consiste à soulever un partenaire lors d'une touche ou d’une remise en jeu au pied afin qu’il attrape plus facilement le ballon. Ascenseur
70%
Placage puissant au niveau du torse Arrêt-buffet
69%
Action consistant à aller directement au contact de l'adversaire, sans chercher à l'éviter, ballon en main. Charge
69%
Lancer en touche peu précis Envoyer une pizza
69%
Faute de main involontaire prenant le plus souvent la forme d'un jonglage du ballon, mais se finissant toujours par un en-avant. Jodonnade
63%
Manquer une occasion de marquer un essai alors que cette occasion apparaissait comme immanquable. Vendanger
54%
Aucun quiz correspondant
Distribution des résultats
% des personnes avec chaque résultat
Percentile par nombre de réponses
Votre historique - résultats
Vous n’avez pas pris ce quiz